SME na túre (7.) Kráľ Roháčov

Bibliographic Details
Main Author: Kollár, Daniel, 1963- (Author)
Format: Article
Language:Slovak
PhysicalDescription:Fotogr.
ISSN:1335-440X
Subjects:
Online Access:http://dennik.sme.sk/vydanie/20100709/

MARC

LEADER 00000nab a2200000 a 4500
001 vtls010119342
003 SK-MaSNL
005 20260303081035.0
008 140512c20100709xo ||||||||||||00 b|slo
015 |a SNBRB2010/07  |2 snkbucl 
038 |a SNKBUCL 
040 |a SNKBUCL  |b slo  |c SNKBUCL  |e AACR2 
041 0 |a slo 
044 |a xo  |c SK 
080 |a 796.51  |x (437.6)  |2 2001 
100 1 |a Kollár, Daniel,  |d 1963-  |4 aut  |9 99818 
245 1 0 |a SME na túre  |n (7.)  |p Kráľ Roháčov  |c Daniel Kollár 
300 |b Fotogr. 
650 0 7 |a turistické trasy  |2 SNKPH  |9 72845 
650 0 7 |a turistika  |2 SNKPH  |9 683 
651 7 |a Roháče (Západné Tatry, Slovensko : pohorie)  |2 SNKPH  |9 74675 
651 7 |a Baníkov (Západné Tatry, Slovensko : vrch)  |2 SNKPH  |9 160474 
773 0 |t Sme  |g Roč. 18, č. 156 (9.7.2010)  |x 1335-440X 
773 0 |t Kultúra  |g S. 14 
852 |a SNK  |b KIS3GCP 
856 4 1 |u http://dennik.sme.sk/vydanie/20100709/ 
958 |a SK 
999 |c 1782995  |d 1784925